Audit neziskových organizácií v Českej republike

Členenie národného hospodárstva podľa princípu financovania. Členenie národného hospodárstva podľa Pestoffa. Neziskové organizácie, ich opodstatnenie a typológia. Poslanie, ciele a funkcie neziskových organizácií na prezentáciu vonkajšieho okolia a potreby auditu. Audit ako nástroj verejnej kontroly...

Descrizione completa

Salvato in:
Dettagli Bibliografici
Autore principale: Rektořík, Jaroslav
Natura: Capitolo di libro
Lingua:slovacco
Soggetti:
Tags: Aggiungi Tag
Nessun Tag, puoi essere il primo ad aggiungerne!!

MARC

LEADER 00000naa a2200000 4500
001 r035092
005 20231002071453.1
041 0 |a slo 
044 |a SK 
245 1 0 |a Audit neziskových organizácií v Českej republike  |c Jaroslav Rektořík 
520 |a Členenie národného hospodárstva podľa princípu financovania. Členenie národného hospodárstva podľa Pestoffa. Neziskové organizácie, ich opodstatnenie a typológia. Poslanie, ciele a funkcie neziskových organizácií na prezentáciu vonkajšieho okolia a potreby auditu. Audit ako nástroj verejnej kontroly. Uplatňovanie auditu v neziskovom sektore v Českej republike. 
610 2 0 |a audit 
610 2 0 |a organizácie neziskové 
610 2 0 |a kontrola verejná 
610 2 0 |a Česko 
100 1 |a Rektořík, Jaroslav